000 00651cam a22002295a 4500
001 17990772
005 20180202081423.0
008 140108s2013 maua 001 0 eng
010 _a 2013474279
020 _a9781457631085 (pbk.)
040 _aDLC
_beng
_erda
_cDLC
041 _aeng
042 _apcc
080 _a371
082 _2371 EVA
100 1 _a46
101 _aEDU
245 1 0 _aReal questions :
_cKathryn Evans, Bridgewater State University.
906 _a0
_bibc
_corignew
_d3
_encip
_f20
_gy-gencatlg
942 _2ddc
_cBK
999 _c41680
_d41680